000 00606nam a2200229Ia 4500
003 OSt
005 20221007081206.0
006 a|||||r|||| 00| 0
007 ta
008 221006b |||||||| |||| 00| 0 eng d
024 _a18,710
037 _cTextual
040 _aFLL
_cFLL
_beng
041 _2eng
_aeng
082 _aZ1:218, K9
100 _aMcwhinney E. Au.
_9685316
245 0 _aNew frontiers in space law
260 _aNew York
_bOcenan publications U.S.A.
_c1969
300 _a134p
_ccm.
942 _hZ1:218, K9
_cTEXL
_2CC
999 _c1162351
_d1162351